000
00315nam a22001337a 4500
008
210302b ||||| |||| 00| 0 eng d
020
_a
9780072551341
041
_a
eng
080
_2
6th
_a
33
100
_a
59
101
_a
BIZ
245
_a
Business and Administrative Communication
_c
Locker,O.K
942
_2
udc
_c
BK
999
_c
55506
_d
55506